Analysing female nuptiality pattern in micro level: a case of Uttar Pradesh (Record no. 39300)

000 -LEADER
fixed length control field 00437pab a2200157 454500
008 - FIXED-LENGTH DATA ELEMENTS--GENERAL INFORMATION
fixed length control field 180718b1997 xxu||||| |||| 00| 0 eng d
100 ## - MAIN ENTRY--PERSONAL NAME
Personal name Pandey, Ajay
245 ## - TITLE STATEMENT
Title Analysing female nuptiality pattern in micro level: a case of Uttar Pradesh
260 ## - PUBLICATION, DISTRIBUTION, ETC.
Date of publication, distribution, etc. 1997
300 ## - PHYSICAL DESCRIPTION
Extent p.212-25
650 ## - SUBJECT ADDED ENTRY--TOPICAL TERM
Topical term or geographic name entry element Nuptiality - India - Uttar Pradesh
650 ## - SUBJECT ADDED ENTRY--TOPICAL TERM
Topical term or geographic name entry element Nuptiality
700 ## - ADDED ENTRY--PERSONAL NAME
Personal name Pandey, Arvind
773 ## - HOST ITEM ENTRY
Main entry heading IASSI Quarterly
909 ## -
-- 39300
Holdings
Withdrawn status Lost status Damaged status Not for loan Permanent Location Current Location Date acquired Serial Enumeration / chronology Barcode Date last seen Price effective from Koha item type
        Indian Institute of Public Administration Indian Institute of Public Administration 2018-07-19 Volume no: 16, Issue no: 3-4 AR39665 2018-07-19 2018-07-19 Articles

Powered by Koha